| 000 | 01121cam a22002774a 4500 | ||
|---|---|---|---|
| 001 | 14538719 | ||
| 005 | 20070531090503.0 | ||
| 008 | 060907s2007 caua b 001 0 eng | ||
| 010 | _a2006029740 | ||
| 020 | _a9781412950299 (pbk.) | ||
| 040 |
_aDLC _cDLC _dDLC |
||
| 042 | _apcc | ||
| 050 | 0 | 0 |
_aBF713 _b.M56 2007 |
| 082 | 0 | 0 |
_a155.072 _222 _bMIL |
| 100 | 1 |
_aMiller, Scott A., _d1944- _93297 |
|
| 245 | 1 | 0 |
_aDevelopmental Research Methods / _cScott A. Miller. |
| 250 | _a3rd ed. | ||
| 260 |
_aThousand Oaks : _bSage Publications, _cc2007. |
||
| 300 |
_a1 v. (various pagings) : _bill. ; _c27 cm. |
||
| 504 | _aIncludes bibliographical references (p. R1- R27) and indexes. | ||
| 650 | 0 |
_aDevelopmental psychology _xResearch _xMethodology. _93298 |
|
| 856 | 4 | 1 |
_3Table of contents only _uhttp://www.loc.gov/catdir/toc/ecip071/2006029740.html |
| 942 |
_2ddc _cBB |
||
| 999 |
_c11214 _d11214 |
||